Challenges of fiscal management / (Record no. 126425)

MARC details
000 -LEADER
fixed length control field 00712nam a22002297a 4500
005 - DATE AND TIME OF LATEST TRANSACTION
control field 20170124110009.0
010 ## - LIBRARY OF CONGRESS CONTROL NUMBER
LC control number A-945770
020 ## - INTERNATIONAL STANDARD BOOK NUMBER
Terms of availability 00.00
International Standard Book Number 8185873143
035 ## - SYSTEM CONTROL NUMBER
System control number A-945770
037 ## - SOURCE OF ACQUISITION
Source of stock number/acquisition Cen Lib/Ret
040 ## - CATALOGING SOURCE
Original cataloging agency DPL
Language of cataloging EN
082 ## - DEWEY DECIMAL CLASSIFICATION NUMBER
Classification number 336
Item number RAM
100 ## - MAIN ENTRY--PERSONAL NAME
Personal name Ramachandran, K.S.
9 (RLIN) 17493
245 ## - TITLE STATEMENT
Title Challenges of fiscal management /
Remainder of title by K. S. Ramachandran
260 ## - PUBLICATION, DISTRIBUTION, ETC. (IMPRINT)
Place of publication, distribution, etc New Delhi
Name of publisher, distributor, etc Westvill Publishing House
Date of publication, distribution, etc 1996
270 ## - ADDRESS
Address 47, B-5, Paschim Vihar
City New Delhi
Postal code 110063
300 ## - PHYSICAL DESCRIPTION
Extent 119p. :
Dimensions 19cm(Hb)
Other physical details ill.
500 ## - GENERAL NOTE
General note Includes index
650 ## - SUBJECT ADDED ENTRY--TOPICAL TERM
Topical term or geographic name as entry element Monetary policy -- India.
9 (RLIN) 17494
650 ## - SUBJECT ADDED ENTRY--TOPICAL TERM
Topical term or geographic name as entry element India -- Economic policy -- 1991.
9 (RLIN) 10701
942 ## - ADDED ENTRY ELEMENTS (KOHA)
Source of classification or shelving scheme Dewey Decimal Classification
Koha item type English Books
Classification part 336
Call number suffix RAM
Holdings
Withdrawn status Lost status Damaged status Not for loan Home library Current library Date acquired Source of acquisition Cost, normal purchase price Total Checkouts Full call number Barcode Date last seen Copy number Cost, replacement price Price effective from Koha item type
        Central Library Central Library 25/06/2015 Cen Lib/Ret 0.00   336 RAM A-945770 25/06/2015 1 0.00 25/06/2015 English Books

© Delhi Public Library
Hit Counter
free hit counter